Paroles - Lomepal - Maladie Moderne - Statistiques

Statistiques générales
  • Ce quiz a été pris 69 fois
  • Le résultat moyen est 268 sur 348
Statistiques - réponses
Réponse % Correct
à
95%
A
95%
a
95%
D
95%
M
95%
Ma
95%
ma
95%
de
93%
je
93%
la
93%
Le
93%
le
93%
Maladie
93%
moderne
93%
ce
91%
mon
91%
T
91%
c'est
89%
C'est
89%
I
89%
machine
89%
dans
86%
dernier
86%
Et
86%
et
86%
l'envers
86%
marche
86%
que
86%
tête
86%
en
84%
j'suis
84%
jusqu'à
84%
l'enfer
84%
me
84%
ou
84%
rien
84%
U
84%
pas
82%
Pas
82%
peu
82%
sais
82%
Si
82%
si
82%
soupire
82%
au
80%
j'ai
80%
J'ai
80%
mais
80%
Mais
80%
ne
80%
Oh
80%
plus
80%
Plus
80%
sens
80%
sur
80%
sûr
80%
nuit
77%
Perdu
77%
perdu
77%
qui
77%
seul
77%
suis
77%
vie
77%
ai
75%
bien
75%
Bien
75%
des
75%
dis
75%
doute
75%
moi
75%
part
75%
un
75%
ça
73%
Comme
73%
j'en
73%
parle
73%
porte
73%
pour
73%
qu'il
73%
belle
70%
bloqué
70%
est
70%
gens
70%
mérite
70%
noir
70%
peut-être
70%
tout
70%
Aucune
68%
Bon
68%
chambre
68%
change
68%
d'après
68%
douce
68%
du
68%
out
68%
petit
68%
réveil
68%
tard
68%
une
68%
veille
68%
Vu
68%
ya
68%
bonne
66%
chance
66%
fade
66%
fait
66%
fois
66%
goût
66%
j'le
66%
J'le
66%
n'intéresse
66%
pleurer
66%
plupart
66%
raison
66%
trois
66%
vivre
66%
vrai
66%
appuie
64%
barre
64%
déjà
64%
espace
64%
fantôme
64%
J'aimerais
64%
jamais
64%
marre
64%
partage
64%
prête
64%
qu'ils
64%
qu'je
64%
sont
64%
s'y
64%
crier
61%
genre
61%
goyave
61%
hic
61%
J'sais
61%
l'appartement
61%
miel
61%
plaisir
61%
prendre
61%
qu'à
61%
s'ils
61%
vide
61%
vraiment
61%
Alors
59%
croquer
59%
forcing
59%
fruit
59%
idée
59%
Mets
59%
viennent
59%
vinaigre
59%
ait
57%
comédien
57%
fermé
57%
grâce
57%
j'aurais
57%
pause
57%
semblant
57%
Demander
55%
demi
55%
j'fais
55%
jours
55%
l'aide
55%
l'aimer
55%
l'année
55%
n'existe
55%
pourcent
55%
qu'le
55%
raffiné
55%
tellement
55%
verre
55%
boire
52%
J'anticipe
52%
mayday
52%
mis
52%
sortir
52%
continuer
50%
dater
50%
veste
50%
deviendra
48%
encore
48%
Nope
45%
assis
43%
200
39%
plaisirs
39%
Aucun quiz correspondant
Distribution des résultats
% des personnes avec chaque résultat
Percentile par nombre de réponses
Votre historique - résultats
Vous n’avez pas pris ce quiz